01676nam a2200277 a 450000100100000000500170001000800410002704000250006808200190009310000360011224501220014826000410027030000280031150000700033959000250040965000940043465101000052865100980062891000370072695201320076395201230089595201230101895201230114195201170126499900170138100001510720250207101102.0100201s2005 dr a 001 0 spa d aDO-SdBNPbspacBNPHU a338.542bT266c1 aTejera, Eduardo Jb1947-91074910aCrónicas de la crisis económica dominicana :bartículos, ensayos y conferencias 2001-2004 /cEduardo J. Tejera. aSanto Domingo :bLuz de Luna,c2005. a347 p. :bil. ;c23 cm. aIncluye datos biográficos del autor en la solapa de la cubierta aInventariado,2018/DG 4aCrisis económicazRepública Dominicanay2001-2004xEnsayos, conferencias, etc.934198 4aRepública DominicanaxCondiciones Económicasy2001-2004xEnsayos, Conferencias, Etc.934199 4aRepública DominicanaxPolítica Económicay2001-2004xEnsayos, Conferencias, Etc.934200 aValidado. Control de calidad MFF 001054708DSaGRbGRcHDd2010-02-01iLF1l0o338.542 T266cp15107-30r2020-06-25te. 3w2020-06-25yLFDSZPréstamo en sala 0010718DSaGRbGRcHDd2010-10-11iLF1l0o338.542 T266cp15107-40r2020-06-25te. 5w2020-06-25yLFDSZNo se presta 0010718DSaGRbGRcHDd2010-10-11iLF1l0o338.542 T266cp15107-50r2020-06-25te. 4w2020-06-25yLFDSZNo se presta 0010718PDaPDbPDcHDd2010-02-01iLF1l0o338.542 T266cp15107-10r2020-06-25te. 2w2020-06-25yLFPDZNo se presta 0010718PDaPDbPDcHDd2010-02-01iLF1l0o338.542 T266cp15107-20r2020-06-25w2020-06-25yLFPDZNo se presta c14679d14679